000 00482nmm a2200169Ia 4500
008 251105s9999||||xx |||||||||||||||||und||
020 _a9788483931516
041 _aspa
100 _aCompany, Flavia
245 0 _aPor mis muertos
264 _a[Madrid, España] :
_bEditorial Páginas de Espuma,
_c2014
300 _a101 páginas
490 _aVoces. Literatura
650 _aLatin American narrative
856 _uhttps://public.digitaliapublishing.com/a/44179
942 _cCF
999 _c86371
_d86371